书目信息 |
| 题名: |
关懿娴旧稿旧文集
|
|
| 作者: | 关懿娴 著 | |
| 分册: | ||
| 出版信息: | 北京 国家图书馆出版社 2010.7 |
|
| 页数: | 189页 | |
| 开本: | 23cm | |
| 丛书名: | ||
| 单 册: | ||
| 中图分类: | G250-53 | |
| 科图分类: | ||
| 主题词: | 图书馆学--文集 , 图书馆学 | |
| 电子资源: | ||
| ISBN: | 978-7-5013-4342-3 | |
| 000 | 00841nam0 22002531 45 | |
| 001 | 512 | |
| 005 | 20120531162310.85 | |
| 010 | @a978-7-5013-4342-3@dCNY39.00 | |
| 100 | @a20120328d2010 em y0chiy0110 ea | |
| 101 | 0 | @achi |
| 102 | @aCN@b110000 | |
| 105 | @aa z 001yy | |
| 106 | @ar | |
| 200 | 1 | @a关懿娴旧稿旧文集@AGuan Yi Xian Jiu Gao Jiu Wen Ji@e图书馆学@ETu Shu Guan Xue@f关懿娴著@FGuan Yi Xian Zhu |
| 210 | @a北京@c国家图书馆出版社@d2010.7 | |
| 215 | @a189页@c照片@d23cm | |
| 330 | @a本书按内容分为上下两篇,上篇为概括面较广的关于图书馆学各个方面的文章及讲稿;下篇为图书馆建筑部分。 | |
| 517 | 1 | @a图书馆学@ATu Shu Guan Xue |
| 606 | 0 | @a图书馆学@j文集 |
| 606 | 0 | @a图书馆学 |
| 690 | @aG250-53@v4 | |
| 701 | 0 | @a关懿娴@AGuan Yi Xian@c(女,@f1918~)@4著 |
| 801 | 0 | @aCN@bTSTCL@c20120328 |
| 905 | @b0814751-53@dG250-53@e131@f3 | |
| 关懿娴旧稿旧文集:图书馆学/关懿娴著.-北京:国家图书馆出版社,2010.7 |
| 189页:照片;23cm |
| ISBN 978-7-5013-4342-3:CNY39.00 |
| 本书按内容分为上下两篇,上篇为概括面较广的关于图书馆学各个方面的文章及讲稿;下篇为图书馆建筑部分。 |
| ● |
| 相关链接 |
|
|
|
|
正题名:关懿娴旧稿旧文集
索取号:G250-53/131
 
预约/预借
| 序号 | 登录号 | 条形码 | 馆藏地/架位号 | 状态 | 备注 |
| 1 | 0814751 | 208147511 | 第一样本阅览室/ [索取号:G250-53/131] | 在馆 | |
| 2 | 0814752 | 208147520 | 第四借阅区/ [索取号:G250-53/131] | 在馆 | |
| 3 | 0814753 | 208147539 | 第四借阅区/ [索取号:G250-53/131] | 在馆 |